000 00587nam a2200241Ia 4500
003 OSt
005 20230609150354.0
008 210423s2012 xx 000 0 und d
020 _a9781259029103
040 _cAL
041 _aeng
082 _a336
_223
_b ROSH
100 _aROSEN (Harvey S);GAYER (Ted)
_995942
245 _aPublic finance
250 _a8
260 _aNew York
_bTata McGraw-hill
_c2012
300 _axxvi,596
_bPB
365 _b615
_cINR
650 _aEconomics
_995943
650 _aPublic Finance
_995944
906 _afinance ; Public
942 _2ddc
_cBK
999 _c161449
_d161449